Možnosti optimalizace zásob zboží v Jm OD PRIOR Brno záverečná práca postgraduálneho štúdia

Gespeichert in:
Bibliographische Detailangaben
1. Verfasser: Vrtal, Martin
Körperschaft: Vysoká škola ekonomická v Bratislave
Weitere Verfasser: Nináčová, Valéria
Format: Buch
Sprache:Tschechisch
Veröffentlicht: Bratislava 1987
Tags: Tag hinzufügen
Keine Tags, Fügen Sie das erste Tag hinzu!

MARC

LEADER 00000nam a2200000 4500
001 c024583
005 20230116095148.7
041 0 |a cze 
044 |a SK 
245 1 0 |a Možnosti optimalizace zásob zboží v Jm OD PRIOR Brno  |b záverečná práca postgraduálneho štúdia  |c Martin Vrtal ; Ved. práce Valéria Nináčová 
264 1 |a Bratislava  |c 1987 
300 |a 45 s. 
100 1 |a Vrtal, Martin 
700 1 |a Nináčová, Valéria 
710 2 |a Vysoká škola ekonomická v Bratislave